Česká cesta k zákazníkům : (strategie spotřebního trhu potravin) /

Další autoři: Skořepa, Ladislav, 1950-
Jazyk: Čeština
Vydáno: České Budějovice : Jednota, spotřební družstvo, České Budějovice :Vysoká škola evropských a regionálních studií, 2006
Edice: Studia VŠERS ; 12
Témata:
Fyzický popis: 109 s. : il. ; 21 cm
Knihy
Uloženo v:
LEADER 01885nam a2200517 a 4500
001 nkc20071703456
003 CZ PrNK
005 20070412164341.0
007 ta
008 070104s2006 xr a f 000 0 cze
015 |a cnb001703456 
020 |a 80-86708-28-4  |q (brož.) 
035 |a (OCoLC)124087636 
040 |a BOA001  |b cze  |d ABA001 
043 |a e-xr--- 
072 7 |a 339.3  |x Vnitřní obchod  |2 Konspekt  |9 4 
080 |a 339.37  |2 MRF 
080 |a 663/664  |2 MRF 
080 |a 658.8  |2 MRF 
080 |a 366.1  |2 MRF 
080 |a (437.3)  |2 MRF 
080 |a (082)  |2 MRF 
245 0 0 |a Česká cesta k zákazníkům :  |b (strategie spotřebního trhu potravin) /  |c [editor Ladislav Skořepa] 
260 |a České Budějovice :  |b Jednota, spotřební družstvo, České Budějovice :  |b Vysoká škola evropských a regionálních studií,  |c 2006 
300 |a 109 s. :  |b il. ;  |c 21 cm 
490 1 |a Studia VŠERS ;  |v 12 
500 |a Vydáno k 10. výročí založení obchodního řetězce TERNO 
500 |a 100 výt. 
504 |a Obsahuje bibliografie 
650 0 7 |a maloobchod  |7 ph122580  |z Česko  |2 czenas 
650 0 7 |a potraviny  |7 ph115833  |z Česko  |2 czenas 
650 0 7 |a marketing  |7 ph115227  |z Česko  |2 czenas 
650 0 7 |a spotřebitelské chování  |7 ph125966  |z Česko  |2 czenas 
650 0 9 |a retail trade  |z Czechia  |2 eczenas 
650 0 9 |a food  |z Czechia  |2 eczenas 
650 0 9 |a marketing  |z Czechia  |2 eczenas 
650 0 9 |a consumer behavior  |z Czechia  |2 eczenas 
655 7 |a sborníky  |7 fd163935  |2 czenas 
655 9 |a papers  |2 eczenas 
700 1 |a Skořepa, Ladislav,  |d 1950-  |7 mzk2006337258  |4 edt 
810 2 |a Vysoká škola evropských a regionálních studií.  |t Studia  |0 s 
910 2 |a BOA001  |b 2-1180.487 
990 |a BK 
995 |a 01 
991 |b 200702  |c NOV 
996 6 |b 2610300650  |c 2-1180.487  |l MZK  |r Sklad / do 1 hodiny  |n 23  |p p.v.  |w 000838666  |u 000010  |a 1  |e BOA001  |j MZK50  |s P